| 000 | 00765nam a2200229 a 4500 | ||
|---|---|---|---|
| 999 |
_c7960 _d7960 |
||
| 003 | (BD-JhCC) | ||
| 005 | 20180217082833.0 | ||
| 008 | 990909s1962 enk 000 1 eng d | ||
| 035 | _a(BD-JhCC) | ||
| 040 |
_aUkOxU _cUkOxU _dBD-JhCC _d(BD-JhCC) |
||
| 041 | 1 |
_aeng _hgrc |
|
| 082 |
_a320.1 _bSKE 1962 |
||
| 100 | 1 |
_aSkemp, J. B. _q(Joseph Bright). |
|
| 245 | 1 | 0 |
_aPlato's statesman : _bA translation of the Politicus of Plato with introductory essays and footnotes. |
| 260 |
_aLondon : _bRoutledge and Kegan Paul, _c1962. |
||
| 300 |
_a244 p. ; _c22 cm. |
||
| 490 | 1 | _aRare masterpieces of philosophy and science | |
| 650 |
_aPolitical Science _xPhilosophy |
||
| 830 | 0 | _aRare masterpieces of philosophy and science. | |
| 942 |
_2ddc _cBK |
||